ბათუმის შოთა რუსთაველის სახელმწიფო უნივერსიტეტის ბიბლიოთეკა

მედია და კანონი / (ბიბ.ჩანაწერი № 59426)

000 -ლიდერი
ფიქსირებული სიგრძის საკონტროლო ველი 01424nam a22002177a 4500
003 - საკონტროლო ნომრის იდენტიფიკატორი
საკონტროლო ველი Ge_BSU
005 - ბოლო ოპერაციის თარიღი და დრო
საკონტროლო ველი 20230215130125.0
008 - ფიქსირებული სიგრძის მონაცემთა ელემენტები - ზოგადი ინფორმაცია
ფიქსირებული სიგრძის საკონტროლო ველი 230215s2004 ge ||||| |||| 00| 0 geo d
041 ## - ენის კოდი
Language code of text/sound track or separate title geo
080 ## - უნივერსალური ათობითი კლასიფიკაციის ინდექსი
Universal Decimal Classification number 070 : 343.32](479.22) ა-27
100 ## - მთავარი ჩანაწერი - პიროვნების სახელი
Personal name ადეიშვილი, ზურაბ
9 (RLIN) 15837
245 ## - ცნობა სათაურის შესახებ
Title მედია და კანონი /
Statement of responsibility, etc [რედ.: თამარ კინწურაშვილი, დავით ზურაბიშვილი].
264 ## - წარმოების, გამოცემის, დისტრიბუციის და სხვა ცნობები
გამოცემის, წარმოების, დისტრიბუციის... ადგილი თბილისი :
გამოცემის, წარმოების, დისტრიბუციის... სახელწოდება თავისუფლების ინ-ტი,
გამოცემის, წარმოების, დისტრიბუციის... თარიღი 2004.
300 ## - ფიზიკური აღწერა
Extent 225გვ. ;
Other physical details 19 სმ.
653 ## - INDEX TERM--UNCONTROLLED
Uncontrolled term საქართველოს კანონმდებლობა სიტყვის თავისუფლების შესახებ
653 ## - INDEX TERM--UNCONTROLLED
Uncontrolled term ინფორმაციის თავისუფლება საქართველოში
653 ## - INDEX TERM--UNCONTROLLED
Uncontrolled term სისხლისსამართლებრივი პასუხისმგებლობა კანონსაწინააღმდეგო ინფორმაციის გავრცელებისათვის. ჟურნალისტის სტატუსი
700 ## - ADDED ENTRY--PERSONAL NAME
Personal name კინწურაშვილი, თამარ
Relator term რედაქტორი
9 (RLIN) 238
700 ## - ADDED ENTRY--PERSONAL NAME
Personal name ზურაბიშვილი, დავით
9 (RLIN) 1692
942 ## - ADDED ENTRY ELEMENTS (KOHA)
Source of classification or shelving scheme
Koha item type წიგნი
ეგზემპლარები
ჩამოწერის სტატუსი დაკარგული ეგზემპლარის სტატუსი კლასიფიკაციის წყარო ან თაროზე გაწყობის სქემა დაზიანების სტატუსი არ გაიცემა მუდმივი მდებარეობა (დაცვის ადგილი) ამჟამინდელი ადგილსამყოფელი თაროზე განთავსების ადგილი შეძენის თარიღი ღირებულება, შესყიდვის ნორმალური ფასი სრული შენახვის შიფრი შტრიხკოდი ბოლო ოპერაციის თარიღი ეგზემპლარის მიმდევრობითი ნომერი (კეტერი?) ფასის ძალაში შესვლის თარიღი ეგზემპლარის სახეობა საჯარო შენიშვნა
          ბათუმის შოთა რუსთაველის სახელმწიფო უნივერსიტეტის მთავარი ბიბლიოთეკა ბათუმის შოთა რუსთაველის სახელმწიფო უნივერსიტეტის მთავარი ბიბლიოთეკა წიგნსაცავი 2023-02-15 6.00 070 : 343.32](479.22) ა-27 63784 2023-02-15 63784 2023-02-15 წიგნი 6 ლ.